| 000 | 00398nam a2200133 i 4500 | ||
|---|---|---|---|
| 001 | 45335 | ||
| 003 | ES-MaACL | ||
| 007 | t| | ||
| 008 | 030325s1886 xxk ||||1| eng d | ||
| 245 | 0 | 0 |
_aColonial and Indian exhibition 1886 _b: her majesty's colonies. |
| 260 |
_aLondon : _bWilliam Clowes and Sons, _c1886. |
||
| 300 |
_aXXVIII, 558 p., 4 estampas, 6 map. ; _c22 cm. |
||
| 852 |
_aES-MaACL _jG-11718 |
||
| 999 |
_c45335 _d45335 |
||